• 首页
  • 本馆介绍
  • 公告通知
  • 最新文献
  • 馆藏检索
  • 电子资源
  • 读者导购
  • 参考咨询
  • 我的图书馆
  • 登录
  • 详细信息显示
  • 放入我的书架
  • 预约/预借图书
  • 作者相关作品
  • 分类相关作品
  • 丛书相关作品
  • 出版社相关作品

书目信息

  • 表格格式
  • 工作单格式
  • 卡片格式
题名:
世纪伟人毛泽东
    
 
作者: 蒋建农 主编
分册: 第三册   狂飙篇
出版信息: 北京   红旗出版社  1996
页数: 557页
开本: 20cm
丛书名:
单 册:
中图分类: A755 , A752
科图分类:
主题词:
电子资源:
ISBN: 7-80068-895-X
000 00665nam0 2200241 45
001 1260203989
005 20120927165158.68
010    @a7-80068-895-X@dCNY24.90
100    @a19970806d1996 kemy0chiy0121 ea
101 0  @achi
102    @aCN@b110000
105    @af z 001zd
200 10 @a世纪伟人毛泽东@Ashi ji wei ren mao ze dong@f蒋建农主编@h第三册@i狂飙篇
210    @a北京@c红旗出版社@d1996
215    @a557页@c照片@d20cm
327 1  @a狂飙篇
517 1  @a狂飙篇@Akuang biao pian
600  0 @a毛泽东@x人物研究
690    @aA755@v3
690    @aA752@v4
701  0 @a蒋建农@Ajiang jian nong@4主编
801  0 @aCN@bTSSF@c19970916
905    @a10447@dA752@eJY15:3
    
    世纪伟人毛泽东/蒋建农主编.第三册.狂飙篇.-北京:红旗出版社,1996
    557页:照片;20cm
    
    部分内容:狂飙篇
    ISBN 7-80068-895-X:CNY24.90
    
●
相关链接 在E读中查询图书 在五车中查询图书 在当当中查询图书 在豆瓣中查询图书


正题名:世纪伟人毛泽东     索取号:A752/JY15:3         预约/预借

序号 登录号 条形码 馆藏地/架位号 状态 备注
1 7814952   278149521   学院路分馆/ [索取号:A752/JY15:3] 在馆    
2 7814953   278149530   学院路分馆/ [索取号:A752/JY15:3] 在馆    
3 7814954   278149549   学院路分馆/ [索取号:A752/JY15:3] 在馆    
4 7814955   278149558   学院路分馆/ [索取号:A752/JY15:3] 在馆    
唐山师范学院图书馆 欢迎您!
大连网信软件有限公司© 版权所有